| 000 | 00734nam a22002657a 4500 | ||
|---|---|---|---|
| 001 | BR9603639 | ||
| 003 | BR-BrBNA | ||
| 005 | 20230928095022.0 | ||
| 007 | ta | ||
| 008 | 230509b bl.||||| |||| 00| 0 por d | ||
| 040 |
_aBR-BrBNA _bpor _cBiblioteca Nacional de Agricultura |
||
| 041 | _a(Por) | ||
| 072 | _aE40; E20 | ||
| 090 | _ E40 BR9603639 | ||
| 100 | 1 | _aBenato, J.V.A. | |
| 110 | 1 | _aOrganizacao das Cooperativas do Estado de Sao Paulo, Sao Paulo (Brasil) | |
| 245 | 1 | _aCusto, um enfoque cooperativista | |
| 260 | 3 |
_aSao Paulo, SP (Brasil): _c1992. |
|
| 300 | _a285 p. | ||
| 500 | _a7 ref.; 39 illus. | ||
| 650 | _aCooperativa | ||
| 650 | _aCusto Operacional | ||
| 909 |
_a202309 _bLucia _c55 _dLucia Elande |
||
| 942 | _cBK | ||
| 999 |
_c54030 _d54030 |
||